Metodología de la investigación cualitativa

Պահպանված է:
Մատենագիտական մանրամասներ
Հիմնական հեղինակ: Ruiz Olabuénaga, José Ignacio (Հեղինակ)
Ձևաչափ: Գիրք
Լեզու:իսպաներեն
Հրապարակվել է: Bilbao Universidad de Deusto 2012
Հրատարակություն:5a. ed
Շարք:Sociología
Խորագրեր:
Ցուցիչներ: Ավելացրեք ցուցիչ
Չկան պիտակներ, Եղեք առաջինը, ով նշում է այս գրառումը!

MARC

LEADER 00000cam a2200000 a 4500
001 UCD7271
003 CL-VaPUC
008 170317e20120000sp |||||||||||||||||spa|d
020 |a 9788498303360 
082 0 4 |a 001.42  |b RUI  |2 21 
100 0 |a Ruiz Olabuénaga, José Ignacio  |e author  |9 591231 
245 1 0 |a Metodología de la investigación cualitativa 
250 |a 5a. ed 
300 |a 341 p 
942 |c BK 
945 |d 20170317 22:16:00  |a dcastane 
260 |a Bilbao  |b Universidad de Deusto  |c 2012 
650 0 |a Metodología de la investigación   |9 581661 
650 0 |a Investigación cualitativa  |9 389535 
583 |a last modification  |c 20170317 22:16:00  |k Rodrigo Vera 
490 0 |a Sociología 
999 |c 367333  |d 367331 
952 |0 0  |1 0  |3 erb  |4 0  |6 001_420000000000000_RUI_2012  |7 0  |8 A  |9 482162  |a BIBEDU  |b BIBEDU  |i 5366291  |l 1  |o 001.42 RUI 2012  |p 5366291  |r 2021-10-26  |s 2020-05-12  |w 2019-11-24  |y BK  |z Catalogado en:20170317  |k EFI 
952 |0 0  |1 0  |3 erb  |4 0  |6 001_420000000000000_RUI_2012  |7 0  |8 A  |9 482163  |a BIBEDU  |b BIBEDU  |i 5366305  |l 1  |o 001.42 RUI 2012  |p 5366305  |r 2022-04-28  |s 2022-04-25  |w 2019-11-24  |y BK  |z Catalogado en:20170317  |k EFI